| Tag |
First Indicator |
Second Indicator |
Subfields |
| LEADER |
00000nam a2200000Ia 4500 |
| 001 |
in00004331321 |
| 005 |
20200812091447.0 |
| 006 |
m g d |
| 007 |
cr bn |||a|bb| |
| 008 |
030715s1686 stk o 000 0 eng d |
| 035 |
|
|
|a (OCoLC)52614870
|
| 040 |
|
|
|a EAE
|c EAE
|e dcrb
|
| 037 |
|
|
|a CL0037000119
|b ProQuest Information and Learning. 300 N. Zeeb Rd., Ann Arbor, MI 48106
|
| 043 |
|
|
|a e-uk-st
|
| 090 |
|
|
|a KDC766
|b .R43 1686
|
| 049 |
|
|
|a UMIA
|
| 245 |
0 |
0 |
|a Reasons for restoring of the summer session.
|
| 260 |
|
|
|a [Edinburgh :
|b By the heirs of Andrew Anderson,
|c 1686]
|
| 300 |
|
|
|a 1 online resource (4 pages)
|
| 336 |
|
|
|a text
|b txt
|2 rdacontent
|
| 337 |
|
|
|a computer
|b c
|2 rdamedia
|
| 338 |
|
|
|a online resource
|b cr
|2 rdacarrier
|
| 500 |
|
|
|a Caption title.
|
| 500 |
|
|
|a Imperfect: print show-through with loss of text.
|
| 500 |
|
|
|a Imprint from Wing (2nd edition).
|
| 500 |
|
|
|a Reproduction of original in: National Library of Scotland.
|
| 510 |
4 |
|
|a Wing (2nd edition)
|c R509
|
| 533 |
|
|
|a Electronic reproduction.
|b Ann Arbor, Mich. :
|c UMI,
|d 1999-
|f (Early English books online)
|n Digital version of: (Early English Books, 1641-1700 ; 2760:18)
|7 s1999 miun s
|
| 610 |
1 |
0 |
|a Scotland.
|b Parliament
|x History
|v Sources.
|
| 830 |
|
0 |
|a Early English books online.
|
| 856 |
4 |
0 |
|u http://proxy.library.tamu.edu/login?url=https://search.proquest.com/docview/2240898865
|z Connect to the full text of this electronic book
|t 0
|
| 999 |
f |
f |
|s 34dfd4a1-931b-33e1-ad41-18d4ed26025b
|i aa281af7-915c-3ded-b812-ad5b31afe101
|t 0
|
| 952 |
f |
f |
|a Texas A&M University
|b College Station
|c Electronic Resources
|d Available Online
|t 0
|e KDC766 .R43 1686
|h Library of Congress classification
|
| 998 |
f |
f |
|a KDC766 .R43 1686
|t 0
|l Available Online
|